بلاغة الكلمة في التعبير القرآني / (رقم التسجيلة. 75510)

تفاصيل مارك
000 -الفاتح
عناصر البيانات ثابتة الطول 00868cam a2200217 i 4500
005 - تاريخ ووقت آخر معاملة
حقل ضبط 20251124113451.0
008 - عناصر البيانات ثابتة الطول
عناصر البيانات ثابتة الطول 250721s1999 jo gr 000 0 ara d
082 14 - رقم تصنيف ديوي العشري
رقم التصنيف 211.6
رقم المادة س ا م
100 1# - مدخل رئيسي – اسم شخصي
الاسم الشخصي السامرائي، فاضل صالح
علاقة الشخص بالعمل/ دوره مؤلف.
245 10 - بيان العنوان
العنوان بلاغة الكلمة في التعبير القرآني /
بيان المسؤولية الدكتور الفاضل صالح السامرائي.
250 ## - بيان الطبعة
بيان الطبعة الطبعة الاولى.
264 31 - بيانات النشر، التوزيع…إلخ
مكان النشر، التوزيع...إلخ عمان :
اسم الناشر، الموزع...إلخ دار عمار للنشر والتوزيع،
تاريخ النشر، التوزيع...إلخ 1999.
300 ## - الوصف المادي
عدد الوحدات المكونة للوعاء 146 صفحة.
490 1# - بيان السلسلة
عنوان السلسلة دراسات بيانية في الاسلوب القرآني ؛
رقم الوعاء في السلسلة رقم2.
650 17 - مدخل إضافي بالموضوع - مصطلح موضوعي
مصطلح موضوعي أو اسم جغرافي كعنصر مدخل القرآن.
650 17 - مدخل إضافي بالموضوع - مصطلح موضوعي
مصطلح موضوعي أو اسم جغرافي كعنصر مدخل ألفاظ القرآن.
650 17 - مدخل إضافي بالموضوع - مصطلح موضوعي
مصطلح موضوعي أو اسم جغرافي كعنصر مدخل نحو القرآن.
830 #0 - مدخل إضافي بالسلسلة-عنوان مقنن
عنوان السلسسلة دراسات بيانية في الاسلوب القرآني .
942 ## - بيانات إضافية (كوها)
نوع التنصيف Dewey Decimal Classification
نوع المادة (كوها) كتب
المقتنيات
حالة السحب حالة الفقدان مصدر التصنيف حالة التلف غير قابل للإعارة المكتبة الرئيسية المكتبة الحالية موقع الرف تاريخ التزويد الرقم المتسلسل Total Checkouts رقم الإستدعاء الباركود تاريخ آخر ظهور تاريخ الفاتورة نوع المادة (كوها)
    Dewey Decimal Classification     المكتبة المركزية المكتبة المركزية الإعارة 06/07/2004 323363   211.6 / س ا م 323363 28/07/2025 06/07/2004 كتب
    Dewey Decimal Classification     المكتبة المركزية المكتبة المركزية   28/07/2025 1759282   211.6 / س ا م   28/07/2025 28/07/2025 كتب
    Dewey Decimal Classification Unchecked   مكتبة أبو علندا العامة مكتبة أبو علندا العامة الإعارة 06/07/2004 323386   211.6/سام   28/07/2025 06/07/2004 كتب
    Dewey Decimal Classification Unchecked   مكتبة أم قصير والمقابلين العامة مكتبة أم قصير والمقابلين العامة الإعارة 06/07/2004 323385   211.6/سام   28/07/2025 06/07/2004 كتب
    Dewey Decimal Classification     مكتبة الأميرة ايمان العامة مكتبة الأميرة ايمان العامة الإعارة 14/09/2013 323378   211.6/سام PLD00276565 28/07/2025 14/09/2013 كتب
    Dewey Decimal Classification Unchecked   مكتبة الاميرة بديعة مكتبة الاميرة بديعة الإعارة 06/07/2004 323380   211.6/سام   28/07/2025 06/07/2004 كتب
    Dewey Decimal Classification Unchecked   مكتبة الجويدة مكتبة الجويدة الإعارة 06/07/2004 323381   211.6/سام   28/07/2025 06/07/2004 كتب
    Dewey Decimal Classification     مكتبة حمزة العامة مكتبة حمزة العامة الإعارة 06/07/2004 323383   211.6/سام 323383 28/07/2025 06/07/2004 كتب
    Dewey Decimal Classification     مكتبة صويلح العامة مكتبة صويلح العامة الإعارة 06/07/2004 323377   211.6/سام 323377 28/07/2025 06/07/2004 كتب
    Dewey Decimal Classification Unchecked   مكتبة وادي السير العامة مكتبة وادي السير العامة الإعارة 06/07/2004 323387   211.6/سام   28/07/2025 06/07/2004 كتب
Implemented & Customized by: BBB with SCIT (Smart Chains for Information Technology)

Powered by Koha